Detalles MARC
| 000 -LIDER |
| fixed length control field |
01448nam a22002777a 4500 |
| 001 - NÚMERO DE CONTROL |
| Identificador de número de control |
000501 |
| 003 - IDENTIFICACDOR DE NÚMERO DE CONTROL |
| control field |
DO-SdBNP |
| 005 - DATE AND TIME OF LATEST TRANSACTION |
| control field |
20171110084416.0 |
| 007 - CAMPOS FIJOS DE DESCRIPCIÓN FÍSICA |
| fixed length control field |
000501 |
| 008 - ELEMENTOS DE LONGITUD FIJA |
| fixed length control field |
160915b 2006 sp a ||||| |||| 00| 0 spa d |
| 020 ## - ISBN |
| International Standard Book Number |
9972209105 |
| 040 ## - FUENTE DE CATALOGACIÓN |
| Agencia que crea de manera original el registro |
BPMSU |
| Idioma de catalogación |
spa |
| Agencia que realiza la transcripción |
BPMSU |
| 082 #4 - NÚMERO DE CLASIFICACIÓN DECIMAL DE DEWEY |
| Classification number |
512.9 |
| Item number |
A394 |
| 245 00 - MENCIÓN DE TITULO |
| Título |
Álgebra |
| 246 00 - VARIACION DEL TÍTULO |
| Título propiamente dicho o título corto |
Manual de preparación pre-universitaria : |
| Subtítulo |
Álgebra, teoría, conceptos, ejercicios resueltos y propuestos |
| 260 ## - PUBLICACIÓN, DISTRIBUCIÓN, ETC. (PIE DE IMPRENTA) |
| Lugar de publicación, distribución, etc |
Lima, Perú : |
| Nombre del editor, distribuidor, etc. |
Lexus Editores, |
| Fecha de publicación, distribución, etc |
2006. |
| 300 ## - DESCRIPCIÓN FÍSICA |
| Extensión |
415 p. : |
| Otros detalles físicos |
il. ; |
| Dimensiones |
27 cm. |
| 500 ## - NOTA GENERAL |
| Nota general |
Álgebra. |
| 505 0# - NOTA DE CONTENIDO |
| Título |
Conceptos fundamentals -- |
| -- |
Grado de las expresiones algebraicas -- |
| -- |
Notacion polinomica -- |
| -- |
Polinomios especiales -- |
| -- |
Expresiones algebraicas -- |
| -- |
Divisibilidad algebraica -- |
| -- |
Cocientes notables -- |
| -- |
Factorizacion -- |
| -- |
Maximo comun divisor y minimo comun multiplo -- |
| -- |
Fracciones algebraicas -- |
| -- |
Introduccion el binomio de Newton -- |
| -- |
Radicacion -- |
| -- |
Operaciones con raices -- |
| -- |
Verdadero valor de fracciones algebraicas -- |
| -- |
Cantidades imaginarias y numeros complejos -- |
| -- |
Ecuaciones -- |
| -- |
Determinantes -- |
| -- |
Ecuaciones de segundo grado -- |
| -- |
Desigualdad e inecuaciones -- |
| -- |
Progresiones -- |
| -- |
Logaritmos -- |
| -- |
Interéscompuesto. |
| 650 #4 - ENCABEZAMIENTO DE MATERIA--TEMÁTICO |
| Término temático o nombre geográfico como elemento de entrada |
ÁLGEBRA |
| 650 #4 - ENCABEZAMIENTO DE MATERIA--TEMÁTICO |
| Término temático o nombre geográfico como elemento de entrada |
ÁLGEBRA |
| Subdivisión temática general |
PROBLEMAS, EJERCICIOS, ETC. |
| 910 ## - VALIDACIÓN |
| Validación |
Validado. Control de calidad MFF |
| 942 ## - ADDED ENTRY ELEMENTS (KOHA) |
| Source of classification or shelving scheme |
Dewey Decimal Classification |
| Koha item type |
Libros |
| 945 ## - INFORMACIÓN DE PROCESAMIENTO LOCAL |
| Información de procesamiento local |
Invetariado extranjero / 2017 VM |
| 956 ## - LOCAL ELECTRONIC LOCATION AND ACCESS (OCLC) |
| Método de acceso |
LOPEREZ |
| Materiales especificados |
10 |
| Enlace |
20160915 |
| Campo enlazado y núm. de secuencia |
BPMSU |
| Nombre de host |
00041 |